| 000 | 00411cam a2200181ua 4500 | ||
|---|---|---|---|
| 020 | _c1.25 | ||
| 041 |
_ahin _h |
||
| 082 |
_a891.54 _bMYD/SI |
||
| 100 | _aMydhilisharan, Gupta . | ||
| 245 |
_aSidhraj / _cMydhilisharan gupta. _hTextual Documents |
||
| 250 |
_a22 / _b. |
||
| 260 |
_a : _bSahithya Sadan. |
||
| 300 | _a133 ; . | ||
| 365 | _a1.25 | ||
| 504 | _a | ||
| 942 | _cBK | ||
| 999 |
_c8249 _d8249 |
||